[Event "GER-chT U20"]
[Site "Kelbra"]
[Date "2006.12.30"]
[Round "7.4"]
[White "Baldauf, Manuel"]
[Black "Bracker, Arne"]
[Result "0-1"]
[WhiteElo "1819"]
[BlackElo "2056"]
[PlyCount "56"]
[EventDate "2006.12.27"]
[EventType "team-swiss"]
[EventRounds "7"]
[EventCountry "GER"]
[SourceTitle "EXT 2008"]
[Source "ChessBase"]
[SourceDate "2007.11.25"]
[SourceVersion "1"]
[SourceVersionDate "2007.11.25"]
[SourceQuality "1"]
[WhiteTeam "Pang/Rosenheim U20"]
[BlackTeam "Hamburger SK U20"]
[WhiteTeamCountry "GER"]
[BlackTeamCountry "GER"]

1. e4 c5 2. Nf3 Nc6 3. Bb5 g6 4. Bxc6 dxc6 5. 0-0 Bg7 6. h3 Nf6 7. d3 Nd7 8. Nc3 e5 9. Qe2 Qe7 10. Nh2 Nf8 11. Nd1 Ne6 12. c3 b6 13. b3 Nf4 14. Qf3 Qd6 15. Nb2 Ba6 16. Rd1 0-0-0 17. c4 Ne6 18. Be3 Rdf8 19. Qe2 f5 20. f3 h5 21. g4 hxg4 22. hxg4 Rh3 23. Kg2 Rfh8 24. Rh1 Bh6 25. Bxh6 R3xh6 26. Kg1 Qd4+ 27. Kf1 fxg4 28. fxg4 Rh3 0-1

[Event "GER-chT U20"]
[Site "Kelbra"]
[Date "2006.12.29"]
[Round "6.4"]
[White "Baldauf, Manuel"]
[Black "Katte, Isabel"]
[Result "1/2-1/2"]
[WhiteElo "1819"]
[BlackElo "1927"]
[PlyCount "66"]
[EventDate "2006.12.27"]
[EventType "team-swiss"]
[EventRounds "7"]
[EventCountry "GER"]
[SourceTitle "EXT 2008"]
[Source "ChessBase"]
[SourceDate "2007.11.25"]
[SourceVersion "1"]
[SourceVersionDate "2007.11.25"]
[SourceQuality "1"]
[WhiteTeam "Pang/Rosenheim U20"]
[BlackTeam "Mainz Schott U20"]
[WhiteTeamCountry "GER"]
[BlackTeamCountry "GER"]

1. e4 e5 2. Nf3 Nf6 3. Nc3 Nc6 4. a3 g6 5. d4 exd4 6. Nxd4 Qe7 7. Nxc6 dxc6 8. Bd3 Bg7 9. 0-0 0-0 10. h3 Nd7 11. Bd2 Nc5 12. Qe2 Re8 13. Rae1 Be6 14. f4 Bd4+ 15. Kh1 Qh4 16. f5 Bxf5 17. Qf3 Be6 18. e5 Bxc3 19. Bxc3 Bd5 20. Qe3 Na4 21. Re2 Nxc3 22. bxc3 Rad8 23. Rf4 Qe7 24. c4 Be6 25. Rf6 Qxa3 26. Qh6 Qf8 27. Qg5 Rd4 28. Ref2 Qg7 29. Qd2 c5 30. Qa5 Rd7 31. Qxa7 b6 32. Qb7 Red8 33. Qc6 Re7 1/2-1/2

[Event "GER-chT U16"]
[Site "Greifswald"]
[Date "2003.12.29"]
[Round "5.3"]
[White "Baldauf, Manuel"]
[Black "Stiefel, Michael"]
[Result "1-0"]
[WhiteElo "1658"]
[BlackElo "1842"]
[PlyCount "165"]
[EventDate "2003.12.27"]
[EventType "team-swiss"]
[EventRounds "7"]
[EventCountry "GER"]
[SourceTitle "EXT 2022"]
[Source "ChessBase"]
[SourceDate "2021.10.06"]
[SourceVersion "1"]
[SourceVersionDate "2021.10.06"]
[SourceQuality "1"]
[WhiteTeam "Pang/Rosenheim U16"]
[BlackTeam "Kuppenheim Rochade U16"]
[WhiteTeamCountry "GER"]
[BlackTeamCountry "GER"]

1. e4 c5 2. Nf3 e6 3. d4 cxd4 4. Nxd4 a6 5. c4 Nf6 6. Nc3 Qc7 7. a3 Be7 8. Be2 0-0 9. Be3 d6 10. 0-0 Nbd7 11. Rc1 b6 12. f3 Bb7 13. b4 Rac8 14. Nb3 Qb8 15. Qd2 Rfd8 16. Bf4 Ne5 17. Na4 Ba8 18. Be3 Nfd7 19. Rfd1 h6 20. Qd4 Nc6 21. Qd2 Re8 22. Bf1 Nce5 23. Qd4 Nc6 24. Qd2 Nce5 25. Qf2 Bd8 26. Qd2 Bc7 27. Rb1 Rcd8 28. Qc2 Ng6 29. Kh1 Bc6 30. Nb2 Nf6 31. g3 Qa8 32. Bg2 d5 33. Nd2 Ne5 34. b5 Bb7 35. cxd5 Qb8 36. dxe6 Rxe6 37. Ndc4 axb5 38. Rxd8+ Bxd8 39. Nxe5 Qxe5 40. Rd1 Qb8 41. Bf4 Qa8 42. Qd3 Be7 43. Qxb5 Qxa3 44. Nc4 Qc5 45. Qxc5 Bxc5 46. Be3 Bxe3 47. Nxe3 Kf8 48. Kg1 g6 49. Rc1 Rc6 50. Rxc6 Bxc6 51. Kf2 Ke7 52. Nc4 Nd7 53. Ke3 Ba4 54. Kd4 Bb3 55. Ne3 Ke6 56. f4 b5 57. Bh3+ Kd6 58. e5+ Kc6 59. Bxd7+ Kxd7 60. Kc5 Ba4 61. Nd5 h5 62. Nc3 Bc2 63. Nxb5 Ke8 64. Nd4 Bd3 65. Kd5 Bf1 66. Nc6 Kd7 67. Nb4 Bg2+ 68. Kc5 Ke6 69. Kd4 Kf5 70. Nc2 Bf3 71. Ne3+ Ke6 72. h3 Bb7 73. g4 hxg4 74. hxg4 Bf3 75. f5+ gxf5 76. gxf5+ Ke7 77. Nd5+ Kd7 78. Kc5 Ke8 79. Kd6 Bg2 80. Nf6+ Kd8 81. e6 fxe6 82. fxe6 Bc6 83. Kxc6 1-0

[Event "GER-chT U16"]
[Site "Burg Stargard"]
[Date "2002.12.29"]
[Round "6.3"]
[White "Baldauf, Manuel"]
[Black "Stejskal, Janina Maria"]
[Result "1-0"]
[WhiteElo "1628"]
[BlackElo "1743"]
[PlyCount "65"]
[EventDate "2002.12.27"]
[EventType "team-tourn"]
[EventRounds "7"]
[EventCountry "GER"]
[SourceTitle "CBM 092 Extra"]
[Source "ChessBase"]
[SourceDate "2003.03.07"]
[SourceVersion "1"]
[SourceVersionDate "2003.03.07"]
[SourceQuality "1"]

1. e4 e5 2. Nf3 d6 3. d4 exd4 4. Nxd4 Nf6 5. Nc3 Be7 6. Bc4 0-0 7. 0-0 Nc6 8. Re1 Ne5 9. Bb3 a6 10. a4 Ng6 11. h3 Re8 12. f4 Bf8 13. Nf3 Be6 14. Bxe6 fxe6 15. Be3 d5 16. e5 Nh5 17. Ne2 Nh4 18. Nxh4 Qxh4 19. Bf2 Qd8 20. g4 Nxf4 21. Nxf4 c5 22. c3 b5 23. axb5 axb5 24. Rxa8 Qxa8 25. Qa1 Qc6 26. Qd1 c4 27. Qd4 Rb8 28. Ra1 b4 29. Qa7 Rb7 30. Qa6 Qd7 31. Qxe6+ Qxe6 32. Nxe6 bxc3 33. bxc3 1-0

[Event "GER-chT U16"]
[Site "Burg Stargard"]
[Date "2002.12.27"]
[Round "2.3"]
[White "Baldauf, Manuel"]
[Black "Bauer, Mirko"]
[Result "1-0"]
[WhiteElo "1628"]
[BlackElo "1360"]
[PlyCount "79"]
[EventDate "2002.12.27"]
[EventType "team-tourn"]
[EventRounds "7"]
[EventCountry "GER"]
[SourceTitle "CBM 092 Extra"]
[Source "ChessBase"]
[SourceDate "2003.03.07"]
[SourceVersion "1"]
[SourceVersionDate "2003.03.07"]
[SourceQuality "1"]

1. e4 c5 2. Nc3 g6 3. d3 Bg7 4. g3 Nc6 5. Bg2 d6 6. Be3 e6 7. Qd2 Rb8 8. Nge2 Nd4 9. Nd1 e5 10. c3 Nc6 11. 0-0 b5 12. f4 Nge7 13. d4 cxd4 14. cxd4 0-0 15. d5 Na5 16. Bxa7 Ra8 17. Bf2 Rb8 18. Ne3 f5 19. Rac1 Nb7 20. b4 Qe8 21. Rc7 Nd8 22. Rfc1 Ra8 23. Bh3 Kh8 24. exf5 Bxf5 25. Nxf5 Nxf5 26. g4 Ne7 27. fxe5 Bxe5 28. Bh4 Ng8 29. Bg3 Nf7 30. Rb7 Bxg3 31. Nxg3 Rc8 32. Rxc8 Qxc8 33. Rxb5 Ne5 34. Qb2 Nf6 35. Rb6 Nd3 36. Qd4 Qc1+ 37. Bf1 Ne5 38. Kg2 Qc2+ 39. Be2 Qxa2 40. Rxd6 1-0

[Event "GER-chT U16"]
[Site "Bensdorf"]
[Date "2001.12.28"]
[Round "3.4"]
[White "Baldauf, Manuel"]
[Black "Wall, Max"]
[Result "1-0"]
[WhiteElo "1535"]
[BlackElo "1486"]
[PlyCount "67"]
[EventDate "2001.12.??"]
[EventType "team-tourn"]
[EventRounds "7"]
[EventCountry "GER"]
[SourceTitle "EXT 2003"]
[Source "ChessBase"]
[SourceDate "2002.11.25"]
[SourceVersion "1"]
[SourceVersionDate "2002.11.25"]
[SourceQuality "1"]

1. e4 e5 2. Nf3 Nf6 3. Nxe5 d6 4. Nf3 Nxe4 5. d4 d5 6. Bd3 Be7 7. 0-0 0-0 8. Re1 Nf6 9. h3 Nc6 10. c4 dxc4 11. Bxc4 h6 12. Nc3 Bf5 13. Bf4 Bd6 14. Bxd6 Qxd6 15. Rc1 Rad8 16. Ne2 Rd7 17. Bb5 Rdd8 18. Bxc6 bxc6 19. Ne5 Rde8 20. Rxc6 Qd8 21. Qc1 Re7 22. Qc5 Be4 23. Ra6 Rfe8 24. Rxa7 Nd7 25. Nxd7 Qxd7 26. Ng3 Bc6 27. Rxe7 Rxe7 28. Ra6 Bb5 29. Ra8+ Re8 30. Rxe8+ Qxe8 31. Qxc7 Qe1+ 32. Kh2 Kh7 33. Qxf7 Bc6 34. Nh5 1-0

[Event "GER-chT U16"]
[Site "Bensdorf"]
[Date "2000.01.01"]
[Round "4.4"]
[White "Siewert, Mathias"]
[Black "Baldauf, Manuel"]
[Result "0-1"]
[WhiteElo "1588"]
[BlackElo "1535"]
[PlyCount "131"]
[EventDate "2001.12.??"]
[EventType "team-tourn"]
[EventRounds "7"]
[EventCountry "GER"]
[SourceTitle "EXT 2003"]
[Source "ChessBase"]
[SourceDate "2002.11.25"]
[SourceVersion "1"]
[SourceVersionDate "2002.11.25"]
[SourceQuality "1"]

1. e4 c5 2. Nf3 e6 3. d4 cxd4 4. Nxd4 Qb6 5. Nb3 Qc7 6. Nc3 a6 7. Bd3 b5 8. a3 Nf6 9. 0-0 d6 10. f4 Nbd7 11. Be3 Bb7 12. Qe2 Be7 13. Kh1 0-0 14. Rac1 Rac8 15. Nd2 Nc5 16. h3 d5 17. Bg1 Rfd8 18. e5 Nfd7 19. Be3 Nb6 20. Bxc5 Bxc5 21. f5 Nc4 22. Bxc4 bxc4 23. f6 g6 24. Nf3 Bc6 25. Qd2 Qb6 26. Qh6 Bf8 27. Qh4 h6 28. Rb1 Rb8 29. Ne2 Rdc8 30. c3 Ba4 31. Ned4 Rb7 32. Nh2 Rcb8 33. Qf4 Qc7 34. Rf2 Bb3 35. Re1 Ba2 36. Qc1 Qb6 37. Ng4 Kh7 38. g3 Bb3 39. Kg2 Ba4 40. Ree2 Bb3 41. Rf4 Ba4 42. Nf2 Qd8 43. Rh4 Rb6 44. Ng4 h5 45. Nf3 R8b7 46. Qb1 Kg8 47. Rxh5 Qb8 48. Qc1 Rxb2 49. Rxb2 Rxb2+ 50. Nf2 gxh5 51. Qg5+ Kh8 52. Qxh5+ Kg8 53. Ng5 Rxf2+ 54. Kxf2 Qb2+ 55. Qe2 Qxe2+ 56. Kxe2 Bxa3 57. Nf3 Bc5 58. g4 a5 59. Kd2 Kh7 60. h4 Bf2 61. Ke2 Bg3 62. Kd2 Bb3 63. Kc1 Bf4+ 64. Kb2 Bd1 65. Ne1 Bxe5 66. g5 0-1